Statistiques concernant Lieux où skier dans les Alpes suisses (VD-VS-FR)

Cliquez ici pour prendre le quiz!

Statistiques générales

  • Ce quiz a été pris 142 fois
    (105 depuis la dernière actualisation)
  • Le résultat moyen est 15 sur 48

Statistiques - réponses

PathStation% Correct
verbierVerbier
83%
zermattZermatt
79%
cransmontanaCrans-Montana
68%
nendazNendaz
63%
diableretsLes Diablerets
60%
leysinLeysin
56%
zinalZinal
51%
grimentzGrimentz
50%
saasfeeSaas-Fee
50%
stlucSt-Luc
47%
villarsVillars
46%
anzereAnzère
40%
champeryChampéry
38%
molesonMoléson
38%
ovronnazOvronnaz
37%
thyonThyon
37%
veysonnazVeysonnaz
35%
vercorinVercorin
32%
mossesLes Mosses
31%
evoleneEvolène
29%
morginsMorgins
29%
charmeyCharmey
28%
berraLa Berra
28%
crosetsLes Crosets
28%
paccotsLes Paccots
28%
naxNax
28%
chandolinChandolin
26%
gryonGryon
26%
tzoumazLa Tzoumaz
24%
leukerbadLeukerbad
24%
jaunJaun
23%
glacier3000Glacier 3000
21%
marecottesLes Marécottes
19%
brusonBruson
17%
lacnoirLac Noir
17%
arollaArolla
15%
foulyLa Fouly
15%
champexChampex
14%
torgonTorgon
14%
champoussinChampoussin
10%
aletschAletsch
9%
lecheretteLa Lécherette
9%
rougemontRougemont
8%
rathvelRathvel
6%
pleiadesLes Pléiades
5%
vicheresVichères-Liddes
5%
forclazLa Forclaz
3%
rdnRochers de Naye
1%

Distribution des résultats

Percentile par nombre de réponses

% des personnes avec chaque résultat

Votre développement - résultats

Vous n’avez pas pris ce quiz depuis la dernière actualisation